00894nam a2200229 a 4500001001000000003000500010005001700015008004100032010001100073011001100084040000900095100003100104245014700135260004100282500006000323502010900383650002800492650002100520650003200541650002100573856007000594000115939CHAP20220329144554.0190819s2019 mx a sm |||||||spa d a112400 a113372 cCHAP1 aDelgado Gallegos, Roberto.10aAnálisis del proceso de almacenamiento y comercialización de frijol en el Estado de Durango /h[En línea]cpor Roberto Delgado Gallegos. aChapingo, Méx. :bEl autor,c2019. aPara ver el contenido del material haga clic en la liga aTesis (Ing. Agr. Esp. en Parasitología Agrícola) -- UACH. Departamento de Parasitología Agrícola14aFrijolxAlmacenamiento.14aFrijolxCalidad.14aFrijolxComercialización.14aFrijolxDurango. aFinding aiduhttp://10.13.5.2/tesis/sist115939.pdfzTeclea aquí